1544 1016 1593 1136 1515 1881 1631 1799 1971 1121 1120 1232 1300 1802 1676 1882 1188 1555 1363 1693 1503 1432 1835 1602 1213 1601 1015 1426 1375 1754 1600 1271 1535 1569 1517 1777 1835 1154 1440 1474 1478 1988 1909 1809 1641 1335 1198 1028 1433 1632 1859 1971 1618 1363 1881 1712 1913 1852 1111 1104 1222 1994 1046 1155 1619 1429 1196 1171 1524 1873 1372 1763 1282 1104 1275 1147 1648 1919 1162 1172 1861 1259 1001 1872 1966 1930 1328 1622 1308 1004 1935 1081 1293 1277 1074 1237 1051 1993 1929 BCNSPRNW ULIB Ver.6.0+V

เปลี่ยนเป็นภาษาไทย

Change to English
 แสดงรายละเอียดบรรณานุกรม
  กลับหน้าหลัก

Brief Record : Get Marc (ISO 2709) : E-mail record : QR code < ปิดหน้าต่าง
LEADER : 00000nam 2200000uu 4500
001    13399128447
003     ULIB
008    230828s2564||||th 000 0 tha d
020    ^a9786164684720
060 04 ^aWY86^bว528ข
100 0  ^aวิจิตรา กุสุมภ์
245 10 ^aข้อวินิจฉัยการพยาบาลและการวางแผนการพยาบาล =^bNursing diagnosisand nursing care plans /^cวิจิตรา กุสุมภ์ และ สุลี ทองวิเชียร
246 31 ^aNursing diagnosis and nursing care plans
250    ^aพิมพ์ครั้งที่ 2
260    ^aกรุงเทพฯ :^bพี.เค.เค พริ้นท์ติ้ง,^c2564
300    ^a305 หน้า ;^c21 ซม.
650  4 ^aกระบวนการพยาบาล
650  4 ^aการพยาบาล, การวินิจฉัย
650  4 ^aการวินิจฉัยทางการพยาบาล
700 0  ^aสุลี ทองวิเชียร
945    ^p180^l0^i29642
945    ^p180^l0^i29643
945    ^p180^l0^i29644
945    ^p180^l0^i29645
945    ^p180^l0^i29646
945    ^p180^l0^i30198
945    ^p180^l0^i30199
945    ^p180^l0^i30200
999    ^aกัณชพร จุลอักษร
รายการนี้ยังไม่มีแท็ก
คุณยังไม่ได้ล็อกอิน คุณสามารถมีกิจกรรมร่วมกับเว็บไซต์ได้ แต่ต้องล็อกอินก่อน ::
  ล็อกอิน

รายการสื่อสารสนเทศ

ลำดับที่ ประเภท เลขเรียก/บาร์โค้ด สถานที่ สถานะ
1. หนังสือสำรอง
หนังสือสำรอง
WY86 ว528ข ฉ.1 
  Barcode: 29642
ห้องสมุดวิทยาเขตนครสวรรค์
►หนังสือทั่วไป:l:General Books
บนชั้น
2. วิทยาศาสตร์การแพทย์ และสุขภาพ
วิทยาศาสตร์การแพทย์ และสุขภาพ
WY86 ว528ข ฉ.2 
  Barcode: 29643
ห้องสมุดวิทยาเขตนครสวรรค์
►หนังสือทั่วไป:l:General Books
บนชั้น
3. วิทยาศาสตร์การแพทย์ และสุขภาพ
วิทยาศาสตร์การแพทย์ และสุขภาพ
WY86 ว528ข ฉ.3 
  Barcode: 29644
ห้องสมุดวิทยาเขตนครสวรรค์
►หนังสือทั่วไป:l:General Books
บนชั้น
4. วิทยาศาสตร์การแพทย์ และสุขภาพ
วิทยาศาสตร์การแพทย์ และสุขภาพ
WY86 ว528ข ฉ.4 
  Barcode: 29645
ห้องสมุดวิทยาเขตนครสวรรค์
►หนังสือทั่วไป:l:General Books
บนชั้น
5. วิทยาศาสตร์การแพทย์ และสุขภาพ
วิทยาศาสตร์การแพทย์ และสุขภาพ
WY86 ว528ข ฉ.5 
  Barcode: 29646
ห้องสมุดวิทยาเขตนครสวรรค์
►หนังสือทั่วไป:l:General Books
บนชั้น
6. วิทยาศาสตร์การแพทย์ และสุขภาพ
วิทยาศาสตร์การแพทย์ และสุขภาพ
WY86 ว528ข ฉ.6 
  Barcode: 30198
ห้องสมุดวิทยาเขตนครสวรรค์
►หนังสือทั่วไป:l:General Books
บนชั้น
7. วิทยาศาสตร์การแพทย์ และสุขภาพ
วิทยาศาสตร์การแพทย์ และสุขภาพ
WY86 ว528ข ฉ.7 
  Barcode: 30199
ห้องสมุดวิทยาเขตนครสวรรค์
►หนังสือทั่วไป:l:General Books
บนชั้น
8. วิทยาศาสตร์การแพทย์ และสุขภาพ
วิทยาศาสตร์การแพทย์ และสุขภาพ
WY86 ว528ข ฉ.8 
  Barcode: 30200
ห้องสมุดวิทยาเขตนครสวรรค์
►หนังสือทั่วไป:l:General Books
บนชั้น

รายการใกล้เคียง
    ผู้แต่ง [วิจิตรา กุสุมภ์]

    หัวเรื่อง [กระบวนการพยาบาล]
    หัวเรื่อง [การพยาบาล, การวินิจฉัย]
    หัวเรื่อง [การวินิจฉัยทางการพยาบาล]

BibComment


ยังไม่เคยถูกคอมเมนท์

คอมเมนท์ทรัพยากรรายการนี้
  คอมเมนท์: ข้อวินิจฉัยการพย..


 Copyright 2026. Bcnsprnw @Library